Statistics for São Tomé and Principe First Level Subdivisions

Click here to take the quiz!

General Stats

  • This quiz has been taken 63 times
  • The average score is 2 of 7

Answer Stats

Distritos% Correct
Principe / Pagué
100%
Caué
18%
Lobata
18%
Mé-Zóchi
18%
Água Grande
9%
Cantagalo
9%
Lembá
9%

Score Distribution

Percentile by Number Answered

Percent of People with Each Score

Your Score History

You have not taken this quiz